| 000 | 00418nam a2200169Ia 4500 | ||
|---|---|---|---|
| 008 | 220216s9999 xx 000 0 und d | ||
| 100 | _aPong C W | ||
| 245 | 0 | _aDevelopments in polybag collection | |
| 260 |
_bPlanters Bulletin _c1969 |
||
| 300 | _a165-172 | ||
| 650 | _aNatural rubber latex | ||
| 650 | _aPolybag collection | ||
| 650 | _aRainguards | ||
| 700 | _aPillai N M | ||
| 700 | _aSung C P | ||
| 942 | _cJS | ||
| 999 |
_c57105 _d57105 |
||